Italienisch Korrespondenz und Handelslehre für Kaufleute
Salvato in:
| Natura: | Libro |
|---|---|
| Lingua: | tedesco italiano |
| Pubblicazione: |
Bern
Hallwag
[s.a.]
|
| Tags: |
Nessun Tag, puoi essere il primo ad aggiungerne!!
|
MARC
| LEADER | 00000nam a2200000 4500 | ||
|---|---|---|---|
| 001 | 0312421 | ||
| 005 | 20250923095638.4 | ||
| 041 | 0 | |a ger | |
| 041 | 0 | |a ita | |
| 044 | |a CH | ||
| 245 | 1 | 0 | |a Italienisch Korrespondenz und Handelslehre für Kaufleute |c Mario Alani |
| 264 | 1 | |a Bern |b Hallwag |c [s.a.] | |